000 00430nam a2200193Ia 4500
008 151119s9999||||xx |||||||||||||| ||und||
082 _a823
082 _bGKKV17013
100 _aGROVER G K
245 _aMECHANICAL VIBRATIONS
260 _a--
260 _b--
260 _c0
600 _aGROVER G K
630 _aMECHANICAL VIBRATIONS
700 _aGROVER G K
730 _aMECHANICAL VIBRATIONS
942 _cBOOK
999 _c1070227
_d1070224